Statistiken für BGB Bürgerliches Gesetzbuch §

Klicken Sie hier um das Quiz zu spielen!

Allgemein

  • Dieses Quiz wurde 114 mal gespielt
  • Das Durchschnittsergebnis liegt bei 11 aus 40

Antwortstatistiken

§Antwort% Korrekt
Buch 1Allgemeiner Teil
84%
Buch 5Erbrecht
82%
Buch 4Familienrecht
81%
Abschnitt 2Sachen und Tiere
77%
Buch 2Recht der Schuldverhältnisse
75%
Buch 3Sachenrecht
65%
Abschnitt 1Personen
44%
Abschnitt 3Eigentum
42%
Abschnitt 1Inhalt der Schuldverhältnisse
42%
Abschnitt 1Besitz
37%
Abschnitt 5Verjährung
35%
Abschnitt 4Fristen und Termine
28%
Abschnitt 3Testament
28%
Abschnitt 3Rechtsgeschäfte
25%
Abschnitt 2Gestaltung rechtsgeschäftlicher Schuldverhältnisse durch Allgemeine Geschäftsbedingungen (AGB)
23%
Abschnitt 5Pflichtteil
21%
Abschnitt 3Vormundschaft, Rechtliche Betreuung, Pflegschaft
21%
Abschnitt 1Erbfolge
19%
Abschnitt 9Erbschaftskauf
19%
Abschnitt 6Erbunwürdigkeit
19%
Abschnitt 4Erbvertrag
19%
Abschnitt 8Erbschein
18%
Abschnitt 2Verwandtschaft
18%
Abschnitt 6Ausübung der Rechte, Selbstverteidigung, Selbsthilfe
16%
Abschnitt 7Erbverzicht
16%
Abschnitt 6Schuldübernahme
16%
Abschnitt 1Bürgerliche Ehe
14%
Abschnitt 8Einzelne Schuldverhältnisse
14%
Abschnitt 7Hypothek, Grundschuld, Rentenschuld
14%
Abschnitt 2Rechtliche Stellung des Erben
14%
Abschnitt 5Vorkaufsrecht
14%
Abschnitt 4Dienstbarkeiten
12%
Abschnitt 8Pfandrecht an beweglichen Sachen und an Rechten
12%
Abschnitt 6Reallasten
12%
Abschnitt 7Mehrheit von Schuldnern und Gläubigern
11%
Abschnitt 7Sicherheitsleistung
11%
Abschnitt 2Allgemeine Vorschriften über Rechte an Grundstücken
9%
Abschnitt 4Erlöschen der Schuldverhältnisse
7%
Abschnitt 3Schuldverhältnisse aus Verträgen
7%
Abschnitt 5Übertagung einer Forderung
2%

Verteilung der Resultate

Perzentil nach korrekt beantworteten Fragen

Anzahl Personen mit jedem Resultat

Ihre Resultats-Entwicklung

Sie haben dieses Quiz noch nicht gespielt